University Home | Library Home | Institutional Repository

Wintrobe's clinical hematology / (Record no. 34628)

MARC details
000 -LEADER
fixed length control field 00596cam a2200193 4500
008 - FIXED-LENGTH DATA ELEMENTS--GENERAL INFORMATION
fixed length control field 111101n 000 0 eng u
020 ## - INTERNATIONAL STANDARD BOOK NUMBER
International Standard Book Number 0781736501
035 ## - SYSTEM CONTROL NUMBER
System control number (Sirsi) a174863
040 ## - CATALOGING SOURCE
Original cataloging agency CIP
050 ## - LIBRARY OF CONGRESS CALL NUMBER
Classification number RB 145 WIN 2003
245 ## - TITLE STATEMENT
Title Wintrobe's clinical hematology /
Statement of responsibility, etc. edited by John Greer et al.
260 ## - PUBLICATION, DISTRIBUTION, ETC.
Place of publication, distribution, etc. Philadephia :
Name of publisher, distributor, etc. Lippincott Williams and wilkins,
Date of publication, distribution, etc. 2003
300 ## - PHYSICAL DESCRIPTION
Extent xviii, 1508p. :
Other physical details ill.
504 ## - BIBLIOGRAPHY, ETC. NOTE
Bibliography, etc. note Includes bibliographical references and index.
650 ## - SUBJECT ADDED ENTRY--TOPICAL TERM
Topical term or geographic name entry element Blood
650 ## - SUBJECT ADDED ENTRY--TOPICAL TERM
Topical term or geographic name entry element Hematology --Methods
650 ## - SUBJECT ADDED ENTRY--TOPICAL TERM
Topical term or geographic name entry element Hematologic Disease
700 ## - ADDED ENTRY--PERSONAL NAME
Personal name Greer, John P.
Holdings
Withdrawn status Lost status Source of classification or shelving scheme Damaged status Not for loan Home library Current library Shelving location Cost, normal purchase price Total Checkouts Full call number Barcode Date last seen Copy number Price effective from Koha item type
    Library of Congress Classification     Medical Library Medical Library On Shelf 0.00   RB 145 WIN 2003 33729005872309 08/13/2019 1 08/13/2019 Book
© 2026 - The University of Zambia Library - Koha v25.11